Struetures man-made wonders of the morld

Bibliographic Details
Main Author: Hawkey, Nifel
Format: Book
Published: London : Reader's Digest , 1990
Subjects:

MARC

LEADER 00000cam a2200000 7i4500
001 0000004656
002 000005021
005 20010405.0
020 |a 864381891 
090 0 0 |a 624.09   |b HAW 
100 1 |a Hawkey, Nifel 
245 1 0 |a Struetures man-made wonders of the morld   |c Nifel Hawkes 
260 |a London :   |b Reader's Digest ,   |c 1990 
300 |a 240p. :   |b 20cm 
650 0 0 |a Engineering 
999 |a 032659   |b BUKU   |c PINJAMAN   |e PERPUSTAKAAN KOMUNITI PETALING JAYA